Introduction à la géographie sociale (notice n° 1566659)
[ vue normale ]
| 000 -LEADER | |
|---|---|
| fixed length control field | 01246cam a2200133 4500500 |
| 005 - DATE AND TIME OF LATEST TRANSACTION | |
| control field | 20251214002005.0 |
| 041 ## - LANGUAGE CODE | |
| Language code of text/sound track or separate title | fre |
| 042 ## - AUTHENTICATION CODE | |
| Authentication code | dc |
| 100 10 - MAIN ENTRY--PERSONAL NAME | |
| Personal name | Di Méo, Guy |
| Relator term | author |
| 245 00 - TITLE STATEMENT | |
| Title | Introduction à la géographie sociale |
| 260 ## - PUBLICATION, DISTRIBUTION, ETC. | |
| Name of publisher, distributor, etc. | Armand Colin,<br/> |
| Date of publication, distribution, etc. | 2014.<br/> |
| 520 ## - SUMMARY, ETC. | |
| Summary, etc. | La géographie sociale, qui s’inscrit dans l’organisation politique, idéologique et économique des territoires, établit l’unité du vécu spatial de chaque individu, entre ses représentations et ses pratiques.Cette introduction présente les concepts et les outils de la discipline&#8239;; elle les applique aux principaux modèles spatiaux (localité, région, aire urbaine ou métropolitaine, pays et campagne, géosystème, réseau, paysage…) auxquels se réfèrent les géographes.L’accent mis sur l’étude des spatialités du social permet ainsi d’investir de nouvelles questions (événements, conflits, crises, postures et pratiques sociales, etc.) et d’aborder les thèmes de la justice sociospatiale, de la mixité, du genre et du corps, du vivre-ensemble, de la ségrégation et de l’exclusion… |
| 856 41 - ELECTRONIC LOCATION AND ACCESS | |
| Uniform Resource Identifier | <a href="https://shs.cairn.info/introduction-a-la-geographie-sociale--9782200279264?lang=fr&redirect-ssocas=7080">https://shs.cairn.info/introduction-a-la-geographie-sociale--9782200279264?lang=fr&redirect-ssocas=7080</a> |
Pas d'exemplaire disponible.




Réseaux sociaux